Представление документа в формате RUSMARC

ПолеНазваниеЗначение
  Тип записи a
  Библиографический уровень m
001 Контрольный номер RU/IS/BASE/466083283
005 Дата корректировки 20240209174530.7
010 Индекс ISBN __
a ISBN 5-7055-1395-Х
d Цена 1 р. 00 к.
9 Тираж экз.
100 Данные общей обработки __
a Данные общей обработки 20141008d2014 ||| 0rusy0189 ca
101 Язык документа 0_
a Язык текста rus
102 Страна публикации __
a Страна публикации RU
105 Кодированные данные (монография) __
a Кодированные данные (монография) y###||||000|y
200 Заглавие и сведения об ответственности 1_
a Заглавие Страсти по Габриэлю
b Общее обозначение материала Текст
e Сведения, относящиеся к заглавию роман
210 Выходные данные 1_
a Место издания Москва
c Издательство Столица
d Дата издания 1990
215 Физическое описание __
a Объем 254, [1] с.
d Формат 17 см.
300 Общие примечания __
a Общие примечания Ограничения по возрасту - +
300 Общие примечания __
a Общие примечания Под инв. номером 39915: 13-1
686 Индексы других классификаций __
a Классификационный индекс 84Р6
2 Код системы ББК
700 Автор _0
a Фамилия Авдеев
b Имя (инициалы) Влидимир Борисович
g Полное личное имя В. Б.
801 Источник записи _0
a Страна RU
b Организация МБУК ЦБС г. Ульяновска
c Дата составления 20141008
g Правила каталогизации RCR
801 Источник записи _1
a Страна RU
b Организация МБУК ЦБС г. Ульяновска
c Дата составления 20141008
g Правила каталогизации RCR
899 Данные о местонахождении __
i Авторский знак А 18
j Расстановочный фильтр Р6
901 Тип документа __
t Тип документа m
910 Корректоры записи __
a Корректор записи Плотникова